000 00503nam a2200217Ia 4500
003 0100
008 130303s9999 xx 000 0 und d
020 _a1556125526
040 _cARRUPELIB
050 _aHB72.D2331994
100 _aDanner, Peter L
245 _aGetting and spending
245 _ba primer in economic morality
260 _aKansas City
260 _bSheed Ward
260 _C1994
300 _axiii
300 _b 224 p. 21 cm
700 _aPeter L. Danner
942 0 0 _06
999 _c8046
_d8046